书目信息 |
| 题名: |
大学计算机实验指导
|
|
| 作者: | 张国鹏 , 周智明 主编 | |
| 分册: | ||
| 出版信息: | 北京 高等教育出版社 2015 |
|
| 页数: | 311页 | |
| 开本: | 26cm | |
| 丛书名: | ||
| 单 册: | ||
| 中图分类: | R319 | |
| 科图分类: | ||
| 主题词: | 计算机应用--医学--高等学校--教材 | |
| 电子资源: | ||
| ISBN: | 978-7-04-043662-4 | |
| 000 | 00923nam0 2200253 450 | |
| 001 | 0103659254 | |
| 005 | 20151203163613.0 | |
| 010 | @a978-7-04-043662-4@dCNY27.70 | |
| 100 | @a20151030d2015 em y0chiy0120 ea | |
| 101 | 0 | @achi |
| 102 | @aCN@b110000 | |
| 105 | @aa z 000yy | |
| 106 | @ar | |
| 200 | 1 | @a大学计算机实验指导@9Da;Dai Xue Ji Suan Ji Shi Yan Zhi Dao @e医学计算技术基础@f张国鹏,周智明主编@b专著 |
| 210 | @a北京@c高等教育出版社@d2015 | |
| 215 | @a311页@c图@d26cm | |
| 300 | @a教育部大学计算机课程改革项目规划教材 | |
| 330 | @a本书共11章,内容包括Windows 7、Office 2010、数据库、网络应用、网页制作和多媒体技术等,涵盖了各章的基本知识和日常需要掌握的重点内容。 | |
| 606 | 0 | @a计算机应用@x医学@x高等学校@j教材 |
| 690 | @aR319@v5 | |
| 701 | 0 | @a张国鹏@c(医学)@4主编@9zhang guo peng |
| 701 | 0 | @a周智明@c(医学)@4主编@9zhou zhi ming |
| 801 | 0 | @aCN@bAZmarc@c20230902 |
| 905 | @aBZT@dR319@e11@f1@sR319/11 | |
| 大学计算机实验指导:医学计算技术基础/张国鹏,周智明主编.-北京:高等教育出版社,2015 |
| 311页:图;26cm |
| 教育部大学计算机课程改革项目规划教材 |
| ISBN 978-7-04-043662-4:CNY27.70 |
| 本书共11章,内容包括Windows 7、Office 2010、数据库、网络应用、网页制作和多媒体技术等,涵盖了各章的基本知识和日常需要掌握的重点内容。 |
| ● |
| 相关链接 |
|
|
|
正题名:大学计算机实验指导
索取号:R319/11
 
预约/预借
| 序号 | 登录号 | 条形码 | 馆藏地/架位号 | 状态 | 备注 |
| 1 | 2000008178 | 2000008178 | 旧书回溯/ [索取号:R319/11] | 在馆 |